Responses for show #6000 - Friday, October 15, 2010

Contestants

[<< previous game]

Liz Tracey, an insurance analyst from Lakewood, Ohio

Robert Yowell, an instructor of political science originally from Orange, California

Sara Wilkinson, a country club concierge from Athens, Georgia (whose 2-day cash winnings total $45,001)

[next game >>]

Jeopardy! Round responses

1960s POLITICAL QUOTES
CABLE CHANNELS
HOW DO YOU LIKE MY DUDS?
(Alex: We want you to name the country. We'll give you the...)
PROVINCES
4-LETTER WORDS
(Alex: And in honor of our 6,000th Jeopardy! program, a whole category based on that number...)
6,000
    $200 6
Khrushchev

Robert
    $200 12
Home Box Office

Sara
    $200 26
(Sara: What are shoes?)
(Alex: Be more specific.)

sandals

Sara
    $200 11
China

Liz
    $200 21
mold

Sara
    $200 1
Huckleberry Finn & Tom Sawyer

Sara
    $400 7
Lyndon Johnson

Liz
    $400 13
Sundance

Sara
    $400 27
britches

Robert
    $400 17
the Philippines

Robert
    $400 22
a cozy

Sara
    $400 2
a legion

Liz
    $600 8
(Richard) Daley

Robert
    $600 14
Nickelodeon

Robert
    $600 28
Tommy Hilfiger

Robert
    $600 18
Spain

Robert
    $600 23
data

Sara
    $600 3
Thomas Jefferson

Sara
    $800 9
(Robert) McNamara

Robert
    $1,000 15
(Robert: What is the Groundhog Channel?)

the Oxygen Channel

Robert
    $800 29
a jumpsuit

Liz
    $800 19
(Robert: What is Germany?)

Ireland

Robert
Triple Stumper
    $800 24
puce

Liz
    $800 4
the Berlin Wall

Sara
    $1000 10
Harold MacMillan

Triple Stumper
    $1000 16
Animal Planet

Liz
    $1000 30
Lederhosen

Sara
    $1000 20
South Africa

Triple Stumper
    $1000 25
a dory

Sara
    $1000 5
the Long March

Robert

Scores at the first commercial break (after clue 15):

Sara Robert Liz
$2,200 $2,200 $1,000

Scores at the end of the Jeopardy! Round:

Sara Robert Liz
$5,600 $3,400 $3,600

Double Jeopardy! Round responses

GREEK GODS & GODDESSES
AFRO-DITTY
ZOOS
DE METER
A POLLO
"-ARES"
    $400 11
Hades

Sara
    $400 16
Paul Simon

Liz
    $400 3
pandas

Sara
    $400 17
iambic pentameter

Sara
    $400 22
Thailand

Robert
    $400 1
dares

Sara
    $800 12
Pan

Liz
    $800 27
Toto

Liz
    $800 4
penguins

Liz
    $800 18
6

Robert
    $800 23
penicillin

Liz
    $800 2
plowshares

Liz
    $1200 13
(Liz: Mercury.)
...
(Alex: Yes, we're dealing with Greek gods--not Roman.)

Hermes

SaraLiz
    $1200 28
Sierra Leone

Liz
    $1200 8
the Bronx Zoo

Sara
    $1200 19
Tennyson

Robert
    $1,200 24
(Alex: We'll accept "leg." We were going for "drumstick" but the drumstick is part of the leg, so you're right.)

the drumstick (leg accepted)

Liz
    $1200 5
ensnares

Liz
    $1600 14
Athena

Sara
    $1600 29
the Marrakesh Express

Liz
    $1600 9
Steve Irwin

Sara
    $1600 20
'Twas The Night Before Christmas

Liz
    $1600 25
an oven

Robert
    $1600 6
glares

Sara
    $2000 15
Artemis

Sara
    $2,200 30
Stephen Biko

Liz
    $2000 10
Vienna, Austria

Triple Stumper
    $2000 21
pyrrhic

Robert
    $2000 26
(Liz: What is seaweed?)

bacon

SaraLiz
    $2000 7
broodmares

Sara

Scores at the end of the Double Jeopardy! Round:

Sara Robert Liz
$20,400 $9,400 $13,800

[wagering suggestions for these scores]

Final Jeopardy! Round responses

U.S. PRESIDENTS
(Alex: You had to think of the modern Olympics and the first Modern Olympics and the year in which they were held, and that would have led you--we hope--to a correct response.)
...
(Alex: [To Robert] Who was [*]? Elected in 1896. You're right.)
...
(Alex: [To Liz] You remembered the Baron de Coubertin? I guess you did.)
RobertWho was McKinley
$4,000
LizWho was McKinley?
$10,000
SaraWho is McKinley
$7,300
McKinley

Final scores:

Sara Robert Liz
$27,700 $13,400 $23,800
3-day champion: $72,701 3rd place: $1,000 2nd place: $2,000

Game dynamics:

Coryat scores:

Sara Robert Liz
$20,400 $10,400 $13,600
23 R,
0 W
14 R,
2 W
(including 1 DD)
18 R
(including 2 DDs),
2 W

Combined Coryat: $44,400

The J! Archive is created by fans, for fans. The Jeopardy! game show and all elements thereof, including but not limited to copyright and trademark thereto, are the property of Jeopardy Productions, Inc. and are protected under law. This website is not affiliated with, sponsored by, or operated by Jeopardy Productions, Inc. Join the discussion at JBoard.tv.